Statistics for Star Wars Main Characters

Click here to take the quiz!

General Stats

  • This quiz has been taken 32 times
  • The average score is 66 of 105

Answer Stats

Film/SeriesAnswer% Correct
Kenobi | Return of the Jedi | The Empire Strikes BackDarth Vader
100%
A New Hope | Kenobi | Return of the Jedi | The Empire Strikes BackLeia Organa
100%
A New Hope | Return of the Jedi | The Empire Strikes Back | The Last JediLuke Skywalker
100%
A New Hope | Attack of the Clones | Kenobi | +4 othersObi-Wan Kenobi
100%
Attack of the Clones | Revenge of the Sith | Star Wars: The Clone Wars | +2 othersAnakin Skywalker
96%
A New Hope | Return of the Jedi | Solo: A Star Wars Story | +2 othersHan Solo
96%
Attack of the Clones | Revenge of the Sith | Star Wars: The Clone Wars | The Phantom MenacePadmé Amidala
96%
The Phantom MenaceQui-Gon Jinn
92%
Return of the Jedi | Solo: A Star Wars Story | The Empire Strikes Back | The Rise of SkywalkerChewbacca
88%
The Force Awakens | The Last Jedi | The Rise of SkywalkerRey Skywalker
88%
Revenge of the SithYoda
88%
Star Wars: Ahsoka | Star Wars: The Clone Wars | The Clone Wars (Movie)Ahsoka Tano
85%
Revenge of the SithSheev Palpatine
85%
Attack of the ClonesC-3PO
81%
A New Hope | Attack of the Clones | The Clone Wars (Movie)R2-D2
81%
The Force Awakens | The Last Jedi | The Rise of SkywalkerPoe Dameron
77%
The Force Awakens | The Last Jedi | The Rise of SkywalkerFinn
73%
The Book of Boba FettBoba Fett
69%
The Last Jedi | The Rise of SkywalkerKylo Ren
69%
Andor | Rogue One: A Star Wars StoryCassian Andor
65%
The Book of Boba Fett | The MandalorianDin Djarin
65%
The MandalorianGrogu / The Child
65%
Solo: A Star Wars StoryLando Calrissian
62%
Star Wars: The Clone WarsCaptain Rex
58%
The Phantom MenaceJar Jar Binks
58%
Star Wars: RebelsEzra Bridger
54%
Star Wars: The Bad BatchEcho
50%
Star Wars: The Bad BatchHunter
50%
Star Wars: The Bad BatchOmega
50%
Star Wars: Ahsoka | Star Wars: RebelsSabine Wren
50%
Star Wars: The Bad BatchTech
46%
Star Wars: RebelsKanan Jarrus
42%
Star Wars: Ahsoka | Star Wars: RebelsHera Syndulla
38%
Rogue One: A Star Wars StoryJyn Erso
38%
Star Wars: The Bad BatchWrecker
38%
The Force AwakensBB-8
35%
The MandalorianBo-Katan Kryze
35%
Star Wars: RebelsGarazeb Orrelios
31%
The Book of Boba FettFennec Shand
27%
Rogue One: A Star Wars StoryK-2SO
27%
KenobiReva / Third Sister
23%
Rogue One: A Star Wars StoryChirrut Îmwe
19%
KenobiGrand Inquisitor
19%
Solo: A Star Wars StoryQi'ra
19%
Solo: A Star Wars StoryTobias Beckett
19%
Rogue One: A Star Wars StoryBaze Malbus
12%
The Book of Boba FettCad Bane
12%
Star Wars: AhsokaBaylan Skoll
8%
The MandalorianGreef Karga
8%
Star Wars: AhsokaHuyang
8%
Star Wars: ResistanceKazuda Xiono
8%
AndorMon Mothma
8%
The Clone Wars (Movie)Rotta
8%
The MandalorianCarasynthia Dune
4%
The Book of Boba FettCobb Vanth
4%
Star Wars: ResistanceJarek Yeager
0%
AndorLuthen Rael
0%
Star Wars: ResistanceNeeku Vozo
0%
AndorSyril Karn
0%
Star Wars: ResistanceTamara Ryvora
0%
Star Wars: ResistanceTorra Doza
0%
AndorVel Sartha
0%

Score Distribution

Percentile by Number Answered

Percent of People with Each Score

Your Score History

You have not taken this quiz